000 00804nam a22002057a 4500
999 _c2211
_d2211
003 AR-CdUCM
008 190304b ||||| |||| 00| 0 spa d
040 _aMUNICIPALIDAD PROVINCIAL DEL CUSCO
_cBIBLIOTECA MUNICIPAL DEL CUSCO
082 _a970.004 /
_bL762
100 _aLlosa, Jorge Guillermo
_96826
245 _aIdentidad histórica de América Latina /
260 _aLima :
_bTalleres gráficos P. L. Villanueva,
_c1990.
300 _a233 páginas ;
_c20.5 cm.
505 _aContenido: La identidad y el nombre -- El continente aislado -- América mítica -- La conquista y el indio -- La civilización latina de la América española y portuguesa ...
650 _aIdentidad cultural
_92943
650 _aCivilización
_91048
650 _aAmérica
_91348
942 _2ddc
_cLIBROS
945 _aafb